000 002880000a22000970004500
100 1 _aShaw, Charles S.
245 1 0 _aThe sins of Rehoboam : The purpose of 3 Kingdoms 12.24a-z
300 _aNúm 73 (1997), Páginas 55-64
773 0 _tJournal for the Study of the Old Testament
942 _cANA
999 _c54863
_d54863